000 00353nam a2200133Ia 4500
008 240624s9999 xx 000 0 und d
041 _aeng
082 _a658 RAO
100 _aRAO T V
245 _aMANAGERS WHO MAKE A DIFFERENCE SHAPENING
260 _c2013
_aNew Delhi
_bRandom House India
300 _axviii, : 304 : p. : cm. ; 23
365 _cRS
_b25
999 _c23705
_d23705